| 000 | 00946nam a22002297a 4500 | ||
|---|---|---|---|
| 999 |
_c2958 _d2958 |
||
| 003 | AR-CdUCM | ||
| 008 | 190305b ||||| |||| 00| 0 spa d | ||
| 040 |
_aMUNICIPALIDAD PROVINCIAL DEL CUSCO _cBIBLIOTECA MUNICIPAL DEL CUSCO |
||
| 041 | _hita | ||
| 082 |
_a345.731 / _bC18 |
||
| 100 |
_aCalamandrei, Piero _99811 |
||
| 245 |
_aElogio de los jueces : _bescrito por un abogado / |
||
| 260 |
_aBuenos Aires : _bJurídicas Europa-América, _c1956. |
||
| 300 |
_a430 paginas ; _c24 cm. |
||
| 505 | _aDe la fe en los jueces, primer requisito del abogado -- De la urbanidad en los jueces -- De cierta semejanza y de ciertas diferencias entre jueces y abogados -- De la denominación oratoria forense -- De la inmovilidad de los jueces en la audiencia publica ... | ||
| 650 |
_aJueces _96983 |
||
| 650 |
_aAbogados _910136 |
||
| 650 |
_aExperiencias forenses _910137 |
||
| 700 |
_aCouture, Eduardo J. _910138 |
||
| 942 |
_2ddc _cLIBROS |
||
| 945 | _aacv | ||